000 00368nam a2200109Ia 4500
008 220615s9999||||xx |||||||||||||| ||und||
245 0 _aPolicy and Economics of Managed Aquifer Recharge and Water Banking
546 _aEnglish[eng]
650 _aeconomics||aquifers||recharge||water banking||MAR||policy
856 _uhttp://books.mdpi.com/pdfview/book/141
942 _cEB
999 _c15670
_d15670